000 00801nam a2200217Ia 4500
001 13569
003 GE_BSU
008 181216s||||||||xx |||||||||||||| ||und||
040 _cGE_BSU
080 _a696.057(035.5)
100 _aАлександрович,Ю.Б. Блюменкрац,Б.А. Вигдорчик,Д.Я. и др.
245 _aМонтаж внутренных санитарно-технических устроиств.
245 _cПод ред. И.Г.Староверова.
250 _a3-е изд., перераб. и доп.
260 _aМ.
260 _bСтройиздат.
260 _c1984.
300 _a783 стр. 22 см. с илл.
653 _aМонтаж внутренных санитарно-технических устроиств.
942 _cBK
999 _c46725
_d46725